00000000nam##2200000za#4500
0019.639908
003CaOODSP
00520210624222415
007cr |||||||||||
008150407|1990||||xxc|||||o    f|0| 0 fre|d
040 |aCaOODSP|bfre
043 |an-cn---
0861 |aH42-2/43-1990F-PDF
1101 |aCanada.|bSanté et Bien-être social Canada. |bDirection générale de la protection de la santé.
24510|aAttitudes, perceptions et comportements liés à la consommation de médicaments d'ordonnance : |h[ressource électronique]|bun rapport de recherche présenté au ministère de la Santé nationale et Bien-être social / |cpar Decima Research.
260 |aOttawa - Ontario : |bSanté et Bien-être social Canada. |cc1990.
300 |a55p.|bgraphiques, tableaux
500 |aLe nº de catalogue (H42-2/43-1990) et l'ISBN (0-662-57888-0) de l'éditioon imprimée bilingue ont été incorrectement copiés dans cette publication électronique.
590 |a12-17-Supp|b2012-04-20
69107|aMédicament|2gcpds
69107|aÉthique|2gcpds
7102 |aDecima Research.
77508|tAttitudes, perceptions and behaviour relating to ethical medicines : |w(CaOODSP)9.695816
7760#|tAttitudes, perceptions and behaviour relating to ethical medicines : |w(CaOODSP)9.654661
7760#|tAttitudes, perceptions et comportements liés à la consommation de médicaments d'ordonnance : |w(CaOODSP)9.654662
85640|ahttp://publications.gc.ca|qPDF|s305 Ko|uhttps://publications.gc.ca/collections/Collection/H42-2-43-1990F.pdf